000 nam a22 a 4500
999 _c4460
_d4460
003 AKMAL
005 20170530104836.0
008 170530s2005 my | e l 000 0 eng d
020 _qPrint out from ILBS webpage
082 0 4 _a346.5950482 COP
_221
090 0 0 _a346.5950482
_bCOP
110 1 _aMalaysia,
_ejurisdiction governed.
_9400
240 1 _aAkta Hakcipta, 1987.
_lEnglish
245 1 0 _aCOPYRIGHT ACT 1987 (ACT 332), REGULATIONS & ORDERS :
_cCompiled by : Legal Research Board
264 1 _aKuala Lumpur
_bInternational Law Book Services,
_c2005
300 _c24 cm.
490 1 _aLAWS OF MALAYSIA
500 _abuku dicetak melalui komputer
650 1 0 _aCopyright
_zMalaysia
_98471
650 2 0 _aCopyright infringement
_zMalaysia
_98472
710 2 _aLembaga Penyelidikan Undang-Undang,
_eeditor of compilation.
_98647
830 0 _aLAWS OF MALAYSIA
_91830
942 _2ddc
_cBOOK